书目信息 |
| 题名: |
左翼立场与悲剧文化
|
|
| 作者: | 陈奇佳 , 张永清 主编 | |
| 分册: | ||
| 出版信息: | 北京 人民出版社 2014 |
|
| 页数: | 318页 | |
| 开本: | 23cm | |
| 丛书名: | 文学与思想丛书 | |
| 单 册: | ||
| 中图分类: | I0-02 | |
| 科图分类: | ||
| 主题词: | 悲剧--Bei Ju--文学思想--文集 | |
| 电子资源: | ||
| ISBN: | 978-7-01-013480-2 | |
| 000 | 00995nam0 22002771 450 | |
| 001 | 349800 | |
| 005 | 20161010095027.01 | |
| 010 | @a978-7-01-013480-2@dCNY52.00 | |
| 100 | @a20140821d2014 em y0chiy50 ea | |
| 101 | 0 | @achi |
| 102 | @aCN@b110000 | |
| 105 | @ay z 000yy | |
| 106 | @ar | |
| 200 | 1 | @a左翼立场与悲剧文化@AZuo Yi Li Chang Yu Bei Ju Wen Hua@f陈奇佳,张永清主编 |
| 210 | @a北京@c人民出版社@d2014 | |
| 215 | @a318页@d23cm | |
| 225 | 2 | @a文学与思想丛书@AWen Xue Yu Si Xiang Cong Shu |
| 300 | @a中国人民大学“985”工程三期“马克思主义文论与当代社会”项目成果 | |
| 330 | @a本书分为伊格尔顿研究、威廉斯研究、本雅明研究及其他三部分。收录有“狂欢的邀请”、“文化与野蛮”、“恐怖超越悲剧”等文章。 | |
| 461 | 0 | @12001 @a文学与思想丛书 |
| 606 | 0 | @a悲剧@ABei Ju@x文学思想@j文集 |
| 690 | @aI0-02@v5 | |
| 701 | 0 | @a陈奇佳@AChen Qi Jia@f(1970~)@4主编 |
| 701 | 0 | @a张永清@AZhang Yong Qing@f(1965~)@4主编 |
| 801 | 0 | @aCN@bTANGWEI@20160802 |
| 905 | @b0886825-9@dI0-02@e414@f5 | |
| 左翼立场与悲剧文化/陈奇佳,张永清主编 .-北京:人民出版社,2014 |
| 318页;23cm.-(文学与思想丛书) |
| 中国人民大学“985”工程三期“马克思主义文论与当代社会”项目成果 |
| ISBN 978-7-01-013480-2:CNY52.00 |
| 本书分为伊格尔顿研究、威廉斯研究、本雅明研究及其他三部分。收录有“狂欢的邀请”、“文化与野蛮”、“恐怖超越悲剧”等文章。 |
| ● |
| 相关链接 |
|
|
|
|
正题名:左翼立场与悲剧文化
索取号:I0-02/414
 
预约/预借
| 序号 | 登录号 | 条形码 | 馆藏地/架位号 | 状态 | 备注 |
| 1 | 0886825 | 208868251 | 第一样本阅览室/ [索取号:I0-02/414] | 在馆 | |
| 2 | 0886826 | 208868260 | 教育系资料室/ [索取号:I0-02/414] | 在馆 | |
| 3 | 0886827 | 208868279 | 教育系资料室/ [索取号:I0-02/414] | 在馆 | |
| 4 | 0886828 | 208868288 | 第二借阅区/ [索取号:I0-02/414] | 在馆 | |
| 5 | 0886829 | 208868297 | 第二借阅区/ [索取号:I0-02/414] | 在馆 |